Logos de football (niveau 5) - Statistiques

Statistiques générales
  • Ce quiz a été pris 153 fois
  • Le résultat moyen est 20 sur 24
Statistiques - réponses
Par images Réponse % Correct
Montpellier
98%
Toulouse
97%
Leeds United
96%
FC Bâle
94%
Inter Miami
93%
SC Braga
93%
Besiktas
91%
Girona
91%
Bournemouth
90%
Hoffenheim
88%
Sassuolo
86%
AEK Athènes
85%
Fenerbahçe
83%
Sampdoria
83%
Sparta Prague
82%
Hertha Berlin
80%
Fluminense
78%
Grenade
76%
Palerme
74%
Legia Varsovie
69%
Lokomotiv Moscou
66%
Slavia Prague
63%
Maccabi Haïfa
56%
Rosenborg
53%
Aucun quiz correspondant
Distribution des résultats
% des personnes avec chaque résultat
Percentile par nombre de réponses
Votre historique - résultats
Vous n’avez pas pris ce quiz